MARC details
| 000 -LEADER |
| fixed length control field |
01226nam a2200277 a 4500 |
| 008 - FIXED-LENGTH DATA ELEMENTS--GENERAL INFORMATION |
| fixed length control field |
120416s1987 ||||||||||||||||| || u |
| 020 ## - INTERNATIONAL STANDARD BOOK NUMBER |
| International Standard Book Number |
0745603173 |
| 020 ## - INTERNATIONAL STANDARD BOOK NUMBER |
| International Standard Book Number |
0745603173 |
| 050 ## - LIBRARY OF CONGRESS CALL NUMBER |
| Classification number |
HC 256.5 Man |
| 100 ## - MAIN ENTRY--PERSONAL NAME |
| Personal name |
Thompson, Grahame |
| 245 10 - TITLE STATEMENT |
| Title |
Managing the UK economy: current contraversies |
| Statement of responsibility, etc. |
edited by Grahame Thompson |
| 260 ## - PUBLICATION, DISTRIBUTION, ETC. |
| Place of publication, distribution, etc. |
Cambridge: |
| Name of publisher, distributor, etc. |
Polity Press |
| Date of publication, distribution, etc. |
1987 |
| 300 ## - PHYSICAL DESCRIPTION |
| Extent |
xxvii, 128p. : ill. |
| 350 ## - PRICE (NR) (BK AM CF MU VM SE) [OBSOLETE] |
| Price |
0.00 |
| 500 ## - GENERAL NOTE |
| General note |
"Based on the Open University social science course D210 Introduction to economics, first presented in 1985"--T.p. verso. -"Published ... in association with Basil Blackwell"--T.p. verso. -Includes bibliographies and index. |
| 650 ## - SUBJECT ADDED ENTRY--TOPICAL TERM |
| Topical term or geographic name entry element |
GREAT BRITAIN--ECONOMIC POLICY- 1979-1997 |
| 650 ## - SUBJECT ADDED ENTRY--TOPICAL TERM |
| Topical term or geographic name entry element |
GREAT BRITAIN--ECONOMIC ASPECTS |
| 650 #0 - SUBJECT ADDED ENTRY--TOPICAL TERM |
| Topical term or geographic name entry element |
CHICAGO SCHOOL OF ECONOMICS |
| 650 ## - SUBJECT ADDED ENTRY--TOPICAL TERM |
| Topical term or geographic name entry element |
GREAT BRITAIN--ECONOMIC POLICY- 1964-1979 |
| 650 ## - SUBJECT ADDED ENTRY--TOPICAL TERM |
| Topical term or geographic name entry element |
UNEMPLOYMENT--EFFECT OF INFLATION ON--GREAT BRITAIN |
| 650 #0 - SUBJECT ADDED ENTRY--TOPICAL TERM |
| Topical term or geographic name entry element |
ECONOMICS |
| 650 #0 - SUBJECT ADDED ENTRY--TOPICAL TERM |
| Topical term or geographic name entry element |
KEYNESIAN ECONOMICS |
| 700 ## - ADDED ENTRY--PERSONAL NAME |
| Personal name |
Levacic, Rosalind |
| 700 ## - ADDED ENTRY--PERSONAL NAME |
| Personal name |
Brown, Vivienne |
| 995 ## - RECOMMENDATION 995 [LOCAL, UNIMARC FRANCE] |
| -- |
0.00 |
| -- |
CBU-MAIN LIBRARY (Kitwe) |
| -- |
1 |
| -- |
8.95 |
| -- |
1 |
| -- |
AVAILABLE |
| -- |
Annex Low-Usage Collection |